Programas de las asignaturas correspondientes a los estudios de ampliación de la primera sección de la segunda división de la Escuela Oficial de Telegrafía / Dirección General de Correos y Telégrafos
Descripción Física:
37 p. ; 22 cm
MARC
| LEADER | 00000nam a2200000Ia 4500 | ||
|---|---|---|---|
| 001 | 16152 | ||
| 008 | 160829s1915 xx 000 0 cat d | ||
| 080 | |a RF-14-11 | ||
| 100 | |a Espanya. Dirección General de Correos y Telégrafos |9 46951 | ||
| 245 | |a Programas de las asignaturas correspondientes a los estudios de ampliación de la primera sección de la segunda división de la Escuela Oficial de Telegrafía / Dirección General de Correos y Telégrafos | ||
| 260 | |a Madrid : |b (Imp. de J. López), |c 1915 | ||
| 300 | |a 37 p. ; |c 22 cm | ||
| 590 | |a Prové de 2969, exp. 22 | ||
| 650 | |a Escuela Oficial de Telegrafía |x Currículums |9 46952 | ||
| 856 | 4 | |u https://media.diba.cat/diba/fitxers/arxiu/fulletons/bib_16152_1915_baixa.pdf |y Accés lliure | |
| 856 | 4 | |u https://media.diba.cat/diba/fitxers/arxiu/fulletons/bib_16152_1915_baixa.pdf |y Accés lliure | |
| 901 | |a Arxiu | ||
| 942 | |n 1 |2 udc | ||
| 952 | |0 0 |1 0 |4 0 |6 RF1411 |7 1 |9 53558 |a Arxiu |b Arxiu |d 2016-12-01 |l 0 |o RF-14-11 |p 16152 |r 2016-12-01 00:00:00 |w 2016-12-01 |y ARXIU | ||
| 999 | |c 57424 |d 57424 | ||
| 900 | |a bib_16152_1915_baixa.pdf | ||